[Event "Montigny le Bretonneux Noel op 17th"]
[Site "Montigny le Bretonneux"]
[Date "2016.12.27"]
[Round "2"]
[White "Le Dantec, Brieuc"]
[Black "Benahmed, Faycal"]
[Result "0-1"]
[WhiteElo "1199"]
[BlackElo "1525"]
[PlyCount "40"]
[EventDate "2016.12.26"]
[EventType "swiss"]
[EventRounds "7"]
[EventCountry "FRA"]
[SourceTitle "CBM 176 Extra"]
[Source "ChessBase"]
[SourceDate "2017.03.02"]
[SourceVersion "1"]
[SourceVersionDate "2017.03.02"]
[SourceQuality "1"]

1. e4 e6 2. Nf3 Nf6 3. e5 Nd5 4. d4 c5 5. c3 Nc6 6. Bb5 cxd4 7. cxd4 Qa5+ 8. Nc3 Nxc3 9. bxc3 Qxb5 10. Bf4 Be7 11. Rb1 Qc4 12. Qc2 Nb4 13. Rxb4 Bxb4 14. Bd2 b6 15. Qa4 Ba6 16. Qd1 Bxc3 17. Bxc3 Qxc3+ 18. Qd2 Qa1+ 19. Qd1 Qxa2 20. Qd2 Qc4 0-1

[Event "Champigny sur Marne op"]
[Site "Champigny sur Marne"]
[Date "2005.03.??"]
[Round "1"]
[White "Gualdaroni, Richard"]
[Black "Benahmed, Faycal"]
[Result "1-0"]
[WhiteElo "1640"]
[BlackElo "1500"]
[PlyCount "86"]
[EventDate "2005.03.??"]
[EventType "swiss"]
[EventRounds "7"]
[EventCountry "FRA"]
[SourceTitle "EXT 2007"]
[Source "ChessBase"]
[SourceDate "2006.11.23"]
[SourceVersion "1"]
[SourceVersionDate "2006.11.23"]
[SourceQuality "1"]

1. e4 g6 2. Nc3 Bg7 3. Nf3 d6 4. d4 Nf6 5. Bc4 0-0 6. Qe2 Nbd7 7. Bg5 c5 8. Rd1 cxd4 9. Nxd4 a6 10. Nd5 Nxd5 11. exd5 Qb6 12. c3 Ne5 13. Bd3 Bd7 14. Be3 Qa5 15. Be4 Qxa2 16. 0-0 Qa5 17. Ra1 Qc7 18. Bd3 Nxd3 19. Qxd3 Bxd4 20. Qxd4 Bf5 21. Bh6 f6 22. Bxf8 Kxf8 23. Rfe1 Rc8 24. Qe3 Re8 25. Ra4 e5 26. Rc1 Kg7 27. c4 Bd7 28. Ra3 Rc8 29. Rac3 Qa5 30. Ra3 Qc7 31. Qd2 Qc5 32. b4 Qc7 33. Rac3 Qb6 34. R3c2 Bf5 35. Rb2 Qc7 36. h3 Bd7 37. Qe3 b6 38. Ra2 Bb5 39. Raa1 Bxc4 40. Rxa6 Qb7 41. Rxb6 Qxd5 42. Kh2 Ba6 43. Rxa6 Rxc1 1-0

[Event "Champigny sur Marne op"]
[Site "Champigny sur Marne"]
[Date "2005.03.??"]
[Round "5"]
[White "Triger, Pascale"]
[Black "Benahmed, Faycal"]
[Result "1/2-1/2"]
[WhiteElo "1790"]
[BlackElo "1500"]
[PlyCount "46"]
[EventDate "2005.03.??"]
[EventType "swiss"]
[EventRounds "7"]
[EventCountry "FRA"]
[SourceTitle "EXT 2007"]
[Source "ChessBase"]
[SourceDate "2006.11.23"]
[SourceVersion "1"]
[SourceVersionDate "2006.11.23"]
[SourceQuality "1"]

1. d4 Nf6 2. Nf3 g6 3. c4 Bg7 4. Nc3 d6 5. e3 0-0 6. Be2 Nbd7 7. 0-0 c5 8. h3 cxd4 9. exd4 h6 10. Be3 b6 11. Rc1 Bb7 12. Qd2 h5 13. b3 Rc8 14. d5 Nc5 15. Qd1 a5 16. Nd2 e6 17. Bxc5 bxc5 18. Nde4 exd5 19. cxd5 Nxe4 20. Nxe4 Bd4 21. Bc4 Re8 22. Qf3 f5 23. Nc3 Qf6 1/2-1/2